Encore Tracklist (Eminem) - Statistics

General Stats
  • This quiz has been taken 53 times
  • The average score is 15 of 20
Answer Stats
Hint Answer % Correct
16 Mockingbird
97%
13 Just Lose It
93%
20 Encore / (Curtains)
90%
10 Rain Man
87%
11 Big Weenie
83%
9 Paul (Skit)
83%
14 Ass Like That
77%
3 Never Enough
77%
7 Puke
77%
4 Yellow Brick Road
73%
1 Curtains Up
70%
2 Evil Deeds
70%
5 Like Toy Soldiers
70%
6 Mosh
70%
8 My 1st Single
70%
17 Crazy In Love
67%
18 One shot 2 Shot
63%
12 Em Calls Paul (Skit)
57%
15 Spend Some Time
57%
19 Final Thought (Skit)
20%
No matching quizzes found
Score Distribution
Percent of People with Each Score
Percentile by Number Answered
Your Score History
You have not taken this quiz